000 00423nam a2200145Ia 4500
008 231221s9999 xx 000 0 und d
041 _aEnglish
082 _a027.7 HEL
100 _aHelfer, Doris Small
245 0 _aHas the Virtual University Library truly arrived ? [e resource : article]
440 _aI
650 _aLibrary Science
650 _avirtual library,digital library,electronic library
942 _cDL
999 _c203892
_d203892